நலம் தரும் வைட்டமின்கள்/
Saved in:
| Main Author: | |
|---|---|
| Format: | Book |
| Language: | English Tamil |
| Published: |
சென்னை;
ZDP Specifics,
2024
|
| Subjects: | |
| Tags: |
Add Tag
No Tags, Be the first to tag this record!
|
MARC
| LEADER | 00000nam a22000007a 4500 | ||
|---|---|---|---|
| 005 | 20260409122636.0 | ||
| 008 | 260409b |||||||| |||| 00| 0 eng d | ||
| 020 | |a 9789395222983 | ||
| 041 | |a tam |h tam | ||
| 082 | |a 613.286 |b சொக்க | ||
| 100 | |a சொக்கன்,என். |9 45039 | ||
| 245 | |a நலம் தரும் வைட்டமின்கள்/ |c என்.சொக்கன். | ||
| 260 | |a சென்னை; |b ZDP Specifics, |c 2024 | ||
| 300 | |a 172p.: |b ill; |c 21.cm | ||
| 500 | |a Purchased | ||
| 650 | |a வைட்டமின்கள் |9 117079 | ||
| 942 | |c BK | ||
| 999 | |c 71163 |d 71163 | ||